| 000 | 01389 a2200301 4500 | ||
|---|---|---|---|
| 005 | 2008082901321.0 | ||
| 008 | 080829t xxu||||| |||| 00| 0 eng d | ||
| 010 | _aENG-87470-72 | ||
| 020 |
_a9788124113530 (pt.1) _c125.00 (pt.1) |
||
| 020 |
_a9788124113547 (pt.2) _c125.00 (pt.2) |
||
| 020 |
_a9788124113554 (pt.3) _c125.00 (pt.3) |
||
| 035 | _aEN-71003-05 | ||
| 037 | _bDBAD / PUB | ||
| 082 | _a530.15 | ||
| 100 | _aAnand, J.D. | ||
| 245 |
_aMathematical physics _cby J.D. Anand, P.K. Mittal [and] Ajay Wadhwa |
||
| 250 | _a3rd repr. | ||
| 260 |
_aNew Delhi _bHar-Anand Publications _c2007 |
||
| 270 |
_aE-49/3, Okhla Industrial Area, Phase-II, _bNew Delhi _e110 020 |
||
| 300 |
_a3 pts. (325p.; 313p.; 398p.) _c21cm (pbk ) |
||
| 500 | _aThis book published in 3 parts. | ||
| 700 | _aMittal, P.K. | ||
| 700 | _aWadhwa, Ajay | ||
| 942 |
_adpl _cEN _k530.15 / ANA _2ddc _h530.15 _mANA |
||
| 999 |
_c6505 _d6505 |
||